000 00853nam a22002657a 4500
003 CHAP
005 20220329140124.0
008 971013s r 00010 d
010 _a47312
011 _a48284
035 _a52429
040 _cCHAP
090 _aR-1749
100 0 0 _aVallega, José.
_9117635
245 _aEspecialización fisiológica de Puccinia graminis tritici en la Argentina, Chile y Uruaguay
500 _aSobretiro de: Revista Argentina de Agronomía 7(3): 196-220, 1940
590 _aBATCH-UPD
_b10
_c20130110
_lUCH01
_h2149
590 _aBATCH-UPD
_b10
_c20130410
_lUCH01
_h1458
590 _aBATCH-UPD
_b10
_c20130914
_lUCH01
_h1947
590 _aCONVERSION
_b10
_c20130109
_lUCH01
_h1326
650 1 4 _aPuccinia graminis tritici.
_992824
901 _aBK
942 _cREIMP
949 _aR-1749
_bBC
_cR
_d-116812
_eTS1
_i52429
_si
999 _c47312
_d47312